| 000 | 00585nam a22001937a 4500 | ||
|---|---|---|---|
| 999 |
_c3213 _d3213 |
||
| 003 | AR-CdUCM | ||
| 008 | 190306b ||||| |||| 00| 0 spa d | ||
| 040 |
_aMUNICIPALIDAD PROVINCIAL DEL CUSCO _cBIBLIOTECA MUNICIPAL DEL CUSCO |
||
| 082 |
_a869.56 / _bM36 |
||
| 100 |
_aMedina Zevallos, Óscar _97100 |
||
| 245 |
_aOjo de puma : _bdrama y milagro en el Pachatusan / |
||
| 260 |
_aCusco : _bMillenium Editores, _c2011. |
||
| 300 |
_a327 páginas ; _c22 cm. |
||
| 650 |
_aNovelas Peruanas _9545 |
||
| 650 |
_aCusco _9772 |
||
| 650 |
_aSiglo XX _98 |
||
| 942 |
_2ddc _cLIBROS |
||
| 945 | _admma | ||